00443nam a2200145Ia 4500003000900000008004100009040001600050080001700066100002000083245011500103260004500218300001000263650001000273700001400283IN-BaIIA211028s9999 xx 000 0 eng d cIIA Library a523.947bBUR aBurkepile, J. T 2aA Catalogue of mass ejections observed by the solar maximum mission coronographcJ. T. Burkepile and O. C. Cyr aBoulderbHigh Altitude Observatoryc1990 a118p. aSolar aCyr, O. C